000 01188nac a22003497a 4500
001 BR2012005300
003 BR-BrBNA
005 20240105123940.0
008 230509b bl.|||m| |||| 00| 0 por d
040 _aBR-BrBNA
_bpor
_cBiblioteca Nacional de Agricultura
072 _aL01; Q53
090 _a5214 BR2012005300
100 1 _aTombosetti, V.
100 1 _aGertner, L.R.S.
100 1 _aPfau, L.A.
100 1 _aSouza, A.J.R. de
110 1 _aInstituto Paranaense de Assistência Técnica e Extensão Rural, Curitiba, PR (Brasil)
_96553
245 1 _aModelo EMATER de produção de leite - Território da cidandania Cantuquiriguaçu e Paraná centro; bases técnicas para o manejo: bezerra de leite
260 3 _aCuritiba, PR (Brasil):
_c2011.
300 _a24 p.
490 _aSérie Produtor - Instituto Paranaense de Assistência Técnica e Extensão Rural (Brazil)
_vno. 137
_x
500 _a31 illus.
650 _aVACA
650 _aPRODUÇÃO LEITEIRA
650 _aCONTAMINAÇÃO
650 _aPARTO
650 _aNOVILHO
650 _aCRIAÇÃO
650 _aCRESCIMENTO
909 _a202312
_bLúcia Elande
_c55
_dLúcia Elande
942 _2AGRIS
_n0
_cMS
999 _c297686
_d297686